Normal view
MARC view
Entry Personal Name
001 - CONTROL NUMBER
- control field: 16200
003 - CONTROL NUMBER IDENTIFIER
- control field: ARRUPE
005 - DATE AND TIME OF LATEST TRANSACTION
- control field: 20150311145410.0
008 - FIXED-LENGTH DATA ELEMENTS
- fixed length control field: 150311|| aca||aabn | a|a d
040 ## - CATALOGING SOURCE
- Original cataloging agency: ARRUPE
- Transcribing agency: ARRUPE
100 ## - HEADING--PERSONAL NAME
- Personal name: Bernard, Claude,
- Dates associated with a name: 1813-1878.
- Title of a work: Introduction à l'étude de la médecine expérimentale.
670 ## - SOURCE DATA FOUND
- Source citation: Work cat.: (ARRUPE)0: Claude Bernard and experimental medicine:, [1967]